Normal view
MARC view
Entry Personal Name
001 - CONTROL NUMBER
- control field: 2103
003 - CONTROL NUMBER IDENTIFIER
- control field: BD-RjUL
005 - DATE AND TIME OF LATEST TRANSACTION
- control field: 20220328153447.0
008 - FIXED-LENGTH DATA ELEMENTS
- fixed length control field: 220328|| aca||aabn | a|a d
040 ## - CATALOGING SOURCE
- Original cataloging agency: BD-RjUL
- Transcribing agency: BD-RjUL
100 ## - HEADING--PERSONAL NAME
- Personal name: [Al-Makki, Muhammad Murad Al-Manzalawi ]المكي، محمد مراد المنزلاوي
670 ## - SOURCE DATA FOUND
- Source citation: Work cat.: (BD-RjUL)79627: أحمد سرهندي،[Ahmed Serhandi] 1563-1624 2102, المنتخبات من المكتوبات / :[al muntakhabat min al maktubat] /, 1974.